01055nam a2200253 a 450000100060000000300080000600500170001400800410003102000150007203500190008704000380010604100080014408200240015224501180017625000120029426000650030630000370037150001260040850400510053465000310058594200120061699900170062895201560064565910BD-RjUL20211209081500.0170313r20041999njua b 001 0 eng d a8178080389 a(BD-RjUL)66040 aStDuBDSbengcBD-RjULerdadUkOxU aeng04a006.6223bCOM 200410aComputer graphics :bprinciples and practice /cJames D. Foley, Andries van Dam, Steven K. Feiner, John F. Hughes a2nd ed. aNew Delhi :bPearsoncc1999, [Eleeventh Indian reprint 2004] axlvii, 1174 p. :bill. ;c26 cm. aRevised edition of: Computer graphics / James D. Foley [and others]. -- 2nd ed. -- Reading, Mass. : Addison-Wesley, 1995. aIncludes bibliographical references and index. 0aComputer graphics.9194528 2ddccBK c65910d65910 00102ddc40718NFICaRUCLbRUCLcReadingd2006-05-20eParagogn Enterprise, Dhakag495.00l0o006.6 COM 2004r2017-03-13 00:00:00tC-1w2017-03-13yBK